3D and 4D printing in biomedical applications : process engineering and additive manufacturing /

Bibliographic Details
Corporate Author: Wiley InterScience (Online service)
Other Authors: Maniruzzaman, Mohammed (Editor)
Format: eBook
Language:Egyptian
Published: Weinheim : Wiley-VCH, [2019]
Subjects:
Online Access:Connect to the full text of this electronic book

MARC

Tag First Indicator Second Indicator Subfields
LEADER 00000cam a2200000Ia 4500
001 in00004058637
006 m o d
007 cr cnu---unuuu
008 181215t20192019gw ob 001 0 egy d
005 20250816190733.9
020 |a 9783527813698  |q (electronic bk.) 
020 |a 3527813691  |q (electronic bk.) 
020 |a 9783527813674  |q (electronic bk.) 
020 |a 3527813675  |q (electronic bk.) 
020 |a 9783527813704  |q (electronic bk.) 
020 |a 3527813705  |q (electronic bk.) 
020 |z 9783527344437  |q print 
020 |z 3527344438  |q print 
024 8 |a 99980154025 
035 |a (NhCcYBP)ybp15964256 
037 |a 9783527813698  |b Wiley 
040 |a NhCcYBP  |c NhCcYBP  |d UtOrBLW 
050 4 |a TS171.95  |b .A15 2019 
072 7 |a TEC  |x 009070  |2 bisacsh 
082 0 4 |a 621.988  |2 23 
245 0 0 |a 3D and 4D printing in biomedical applications :  |b process engineering and additive manufacturing /  |c edited by Mohammed Maniruzzaman. 
264 1 |a Weinheim :  |b Wiley-VCH,  |c [2019] 
264 4 |c ©2019 
300 |a 1 online resource. 
336 |a text  |b txt  |2 rdacontent 
337 |a computer  |b c  |2 rdamedia 
338 |a online resource  |b cr  |2 rdacarrier 
504 |a Includes bibliographical references and index. 
505 0 |a 3D/4D Printing in Additive Manufacturing: Process Engineering and Novel Excipients / Christian Muehlenfeld, Simon A Roberts -- 3D and 4D Printing Technologies: Innovative Process Engineering and Smart Additive Manufacturing / Deck Tan, Ali Nokhodchi, Mohammed Maniruzzaman -- 3D Printing: A Case of ZipDose® Technology - World's First 3D Printing Platform to Obtain FDA Approval for a Pharmaceutical Product / Thomas G West, Thomas J Bradbury -- Manufacturing of Biomaterials via a 3D Printing Platform / Patrick Thayer, Hector Martinez, Erik Gatenholm -- Bioscaffolding: A New Innovative Fabrication Process / Rania Abdelgaber, David Kilian, Hendrik Fiehn -- Potential of 3D Printing in Pharmaceutical Drug Delivery and Manufacturing / Maren K Preis -- Emerging 3D Printing Technologies to Develop Novel Pharmaceutical Formulations / Christos I Gioumouxouzis1, Georgios K Eleftheriadis1, Dimitrios G Fatouros1 -- Modulating Drug Release from 3D Printed Pharmaceutical Products / Julian Quodbach -- Novel Excipients and Materials Used in FDM 3D Printing of Pharmaceutical Dosage Forms / Ming Lu -- Recent Advances of Novel Materials for 3D/4D Printing in Biomedical Applications / Jasim Ahmed -- Personalized Polypills Produced by Fused Deposition Modeling 3D Printing / Sheng Qi, Jehad Nasereddin, Fahad Alqahtani -- 3D Printing of Metallic Cellular Scaffolds for Bone Implants / Xipeng Tan, Yu Jun Tan -- 3D and 4D Scaffold-Free Bioprinting / Chin Siang Ong, Pooja Yesantharao, Narutoshi Hibino -- 4D Printing and Its Biomedical Applications / Saeed Akbari, Yuan-Fang Zhang, Dong Wang, Qi Ge -- Current Trends and Challenges in Biofabrication Using Biomaterials and Nanomaterials: Future Perspectives for 3D/4D Bioprinting / Luciano P Silva -- Orthopedic Implant Design and Analysis: Potential of 3D/4D Bioprinting / Chang Jiang Wang, Kevin B Hazlehurst -- Recent Innovations in Additive Manufacturing Across Industries: 3D Printed Products and FDA's Perspectives / Brett Rust, Olga Tsaponina, Mohammed Maniruzzaman -- Index. 
588 0 |a Online resource; title from PDF title page (viewed December 19, 2018) 
500 |a Electronic resource. 
650 0 |a Three-dimensional printing.  |0 http://id.loc.gov/authorities/subjects/sh2009006799 
650 0 |a Biomedical engineering.  |0 http://id.loc.gov/authorities/subjects/sh85014237 
655 7 |a Electronic books.  |2 local 
700 1 |a Maniruzzaman, Mohammed,  |e editor. 
710 2 |a Wiley InterScience (Online service)  |0 http://id.loc.gov/authorities/names/no00037213 
776 1 8 |c Original  |z 3527344438  |z 9783527344437 
856 4 0 |u http://proxy.library.tamu.edu/login?url=https://onlinelibrary.wiley.com/book/10.1002/9783527813704  |z Connect to the full text of this electronic book  |t 0 
955 |a YBP purchased firm e-records 
980 |b 215.00  |g 1 
999 f f |s 768efd15-a0e1-3acc-a226-38ca9c442670  |i 15a43780-402d-39e6-b48e-e03163229a51  |t 0 
952 f f |a Texas A&M University  |b College Station  |c Electronic Resources  |d Available Online  |t 0  |e TS171.95 .A15 2019  |h Library of Congress classification 
998 f f |a TS171.95 .A15 2019  |t 0  |l Available Online